| 000 | 00630nam a2200193Ia 4500 | ||
|---|---|---|---|
| 008 | 140626s9999 xx 000 0 und d | ||
| 100 | _aAnderson, Karen. | ||
| 245 |
_aPhysical activity with spiritual strategies intervention : _ba cluster randomized trial with older African American women / _cKaren Anderson ... [et al.]. |
||
| 260 | _cc2013. | ||
| 300 | _a6 : 1, page 11 | ||
| 440 | _aResearch in Gerontological Nursing | ||
| 521 | _aNUR | ||
| 650 | _aAdults.African. | ||
| 650 | _aAmerican women. | ||
| 650 | _aControlled study. | ||
| 650 | _aPhysical activity/inactivity. | ||
| 650 | _aSpirituality. | ||
| 942 | _cSE | ||
| 999 |
_c121448 _d121448 |
||